000 00307nam a2200121Ia 4500
008 190722s9999 xx 000 0 und d
020 _a978-81-315-2011-6
100 _aEarl Babbie
245 4 _aThe Practice of Social Research
260 _aNew Delhi
_bCengage learning
_c2015
300 _a584
942 _cBK
999 _c733
_d733